| 000 | 01896cad a22002535a 4500 | ||
|---|---|---|---|
| 001 | L145459 | ||
| 008 | 081013s2008 xxk f f000 0 eng d | ||
| 020 | _a9781859461945 | ||
| 035 | _a(Sirsi) u145459 | ||
| 041 | 0 | _aeng | |
| 050 | 0 | 4 | _a696.9 $2 18 |
| 110 | 1 |
_aUnited Kingdom _bDepartment for Communities and Local Government _94939 |
|
| 245 | 0 | 0 |
_aCode for sustainable homes _btechnical guide _h[electronic resource] |
| 260 |
_aLondon _bDCLG _c2008 |
||
| 505 | 2 | _aPurpose of the guide -- Organisations delivering the code -- The process of gaining a code rating -- Keeping this guide up to date -- Genering definitions -- Acronyms -- Category one: energy and carbon dioxide emissions -- Category two: water -- Category three: materials -- Category four: surface water runoff -- Category five: waste -- Category six: pollution -- Category seven: health and wellbeing -- Category eight: management -- Category nine: ecology -- References -- Sources of further information | |
| 520 | _aRevised in October 2008, this technical guidance to the Code for sustainable homes provides more clarity on how water efficiencies are calculated and the future eligibility of different energy sources. The manual contains a detailed list of requirements for each credit area of the "Code for sustainable homes" (L135998) and sets out the process of obtaining a code rating. The guidance explains how new homes can deliver environmental improvements in key areas such as energy use, water, materials and waste. | ||
| 520 | _aSupersedes second edition (L140637). | ||
| 590 | _aKA NTK | ||
| 650 | 2 | 4 | _aDCLG CODE FOR SUSTAINABLE HOMES |
| 651 | 4 |
_aEngland and Wales _y1543- |
|
| 690 | _aBUILT ENVIRONMENT-BUILDING STANDARDS | ||
| 856 | 4 | 8 |
_uhttps://www.planningportal.gov.uk/uploads/code_for_sustainable_homes_techguide_oct08.pdf _zView the website free of charge at www.planningportal.gov.uk |
| 942 | _n0 | ||
| 999 |
_c108801 _d108801 |
||